000 00515nam a2200181Ia 4500
003 GCL
008 140319s9999 xx 000 0 ara d
040 _aGCL /
_cGCL
082 0 4 _a953.04
_bح د
100 1 _aحسين احمد عطوان
245 1 0 _aالدعوة العباسية تاريخ وتطور /
_cحسين احمد عطوان
260 _a[S.N] :
_bدار الجيل ،
_c1984
300 _a514 ص
490 _a
650 0 4 _aالعالم العربى
650 0 4 _aتاريخ
942 _2ddc
_cBK
999 _c55235
_d55235